| 000 | 00493nam a2200181Ia 4500 | ||
|---|---|---|---|
| 003 | GCL | ||
| 008 | 140319s9999 xx 000 0 eng d | ||
| 040 |
_aGCL / _cGCL |
||
| 082 | 0 | 4 |
_a751.45 _bW C |
| 100 | 1 | _aWYK, HELEN VAN | |
| 245 | 1 | 0 |
_aCOLOUR MIXING: THE VAN WYKWAY: A MANUAL FOR OIL PAINTERS / _cWYK, HELEN VAN |
| 260 |
_a[S.N] : _bART INSTRUCTION ASSOCIATION ، _c1995 |
||
| 300 | _a128 P | ||
| 650 | 0 | 4 | _aPAINTING |
| 650 | 0 | 4 | _aCOLOURS |
| 650 | 0 | 4 | _aOIL - PAINTING |
| 942 |
_2ddc _cBK |
||
| 999 |
_c15798 _d15798 |
||